Factors Influencing the Valuation of Technology Companies

Gespeichert in:
Bibliographische Detailangaben
1. Verfasser: Polednáková, Anna, 1957-
Format: Buchkapitel
Sprache:Englisch
Schlagworte:
Tags: Tag hinzufügen
Keine Tags, Fügen Sie das erste Tag hinzu!

MARC

LEADER 00000naa$a2200000$$$4500
001 0260436
005 20240502074126.3
041 0 |a eng 
044 |a SK 
245 1 0 |a Factors Influencing the Valuation of Technology Companies  |c Anna Polednáková 
610 2 0 |a technológie informačné 
610 2 0 |a technológie komunikačné 
610 2 0 |a firmy 
610 2 0 |a oceňovanie 
610 2 0 |a hodnota podniku 
610 2 0 |a analýzy 
610 2 0 |a konkurencieschopnosť 
100 1 |a Polednáková, Anna, 1957-